[Event "FRA-chT U20 16 GP Basse 1011"]
[Site "France"]
[Date "2011.06.12"]
[Round "10"]
[White "Habiballah, Anass"]
[Black "Bourgery, William"]
[Result "0-1"]
[WhiteElo "1500"]
[BlackElo "1630"]
[PlyCount "46"]
[EventDate "2010.06.20"]
[EventType "team-tourn"]
[EventRounds "11"]
[EventCountry "FRA"]
[SourceTitle "EXT 2015"]
[Source "ChessBase"]
[SourceDate "2014.11.20"]
[SourceVersion "1"]
[SourceVersionDate "2014.11.20"]
[SourceQuality "1"]
[WhiteTeam "Niort (U20)"]
[BlackTeam "Hyeres (U20)"]
[WhiteTeamCountry "FRA"]
[BlackTeamCountry "FRA"]

1. e4 c5 2. Nc3 e6 3. g3 Nc6 4. Bg2 Nge7 5. d3 a6 6. a4 Ng6 7. f4 h5 8. Nf3 Be7 9. 0-0 h4 10. f5 Nge5 11. Nxe5 Nxe5 12. fxe6 dxe6 13. Bf4 Qd4+ 14. Kh1 Bf6 15. Ne2 Qd7 16. Qd2 Ng4 17. Bg5 Bxb2 18. Rab1 Bf6 19. Qf4 e5 20. Qd2 hxg3 21. Nxg3 Bxg5 22. Qxg5 Rxh2+ 23. Kg1 Qd4+ 0-1